000 00381nam a2200133Ia 4500
008 151001s9999||||xx |||||||||||||| ||und||
100 _aप्र द मराठे
245 _aसती शिळेवर उभी
250 _a1
260 _bअजिंक्य प्रकाशन सातारा
260 _c1987
300 _a160
365 _b18
999 _c966019
_d966016